Separácia aromátov zo zmesi uhľovodíkov extrakčnou destiláciou: dizajn, riadenie a optimalizácia výroby

Salvato in:
Dettagli Bibliografici
Autore principale: Szíjjarto, Martin
Natura: Libro
Lingua:slovacco
Pubblicazione: Bratislava STU FCHPT 2010
Accesso online:Visualizza in OPAC
Tags: Aggiungi Tag
Nessun Tag, puoi essere il primo ad aggiungerne!!

MARC

LEADER 00000nam a2200000 a 4500
005 20260127134008.0
008 100708 2010 xo 000 0 slo d
035 |a vtls010113204 
039 9 |y 201007081136  |z mschk03 
040 |a STUSCHK1  |b slo  |c STUSCHK1  |e AACR2 
100 1 |a Szíjjarto, Martin 
245 1 |a Separácia aromátov zo zmesi uhľovodíkov extrakčnou destiláciou: dizajn, riadenie a optimalizácia výroby  |c Martin Szíjjarto 
260 |a Bratislava  |b STU FCHPT  |c 2010 
300 |a 59 s.  |b il.  |c 30cm 
500 |a Obháj.: 10.6. 2010 
500 |a Študijný program: chemické inžinierstvo 
500 |a Študijný odbor: 5.2.17 chemické inžinierstvo 
500 |a Miesto vypracovania: Oddelenie chemického a biochemického inžinierstva, FCHPT 
500 |a Evidenčné číslo: FCHPT-5433-26487 
910 |a SCHK95 
999 |c 1740  |d 1740